Comuni di Piacenza - Statistics

Statistiche generali
  • Questo quiz è stato fatto 51 volte
  • Il punteggio medio è 29 su 46
Statistiche sulle risposte
Risposta % Corretto
Bobbio
92%
Carpaneto Piacentino
85%
Castel San Giovanni
85%
Fiorenzuola d'Arda
85%
Rivergaro
85%
Bettola
81%
Borgonovo Val Tidone
81%
Castell'Arquato
81%
Piacenza
81%
Pontenure
81%
Podenzano
77%
Ponte dell'Olio
77%
Agazzano
69%
Gossolengo
69%
Rottofreno
69%
San Giorgio Piacentino
69%
Cadeo
65%
Farini
65%
Ferriere
65%
Travo
65%
Vigolzone
65%
Alseno
62%
Castelvetro Piacentino
62%
Gragnano Trebbiense
62%
Pianello Val Tidone
62%
Caorso
58%
Gazzola
58%
Gropparello
58%
Morfasso
58%
Sarmato
54%
Ziano Piacentino
54%
Alta Val Tidone
50%
Calendasco
50%
Coli
50%
Lugagnano Val d'Arda
50%
Monticelli d'Ongina
50%
Piozzano
50%
Villanova sull'Arda
50%
Zerba
50%
Cortemaggiore
46%
Ottone
46%
Vernasca
46%
Cerignale
42%
Corte Brugnatella
42%
Besenzone
38%
San Pietro in Cerro
38%
Nessun quiz corrispondente trovato
Distribuzione punteggi
Percentuale di utenti per punteggio
Percentile per numero di risposta
I tuoi punteggi nel tempo
Non hai fatto questo quiz